[Event "AUT-chT 2324"]
[Site "Austria"]
[Date "2024.03.24"]
[Round "11.5"]
[White "Saric, Ante"]
[Black "Neyman, Igor"]
[Result "1/2-1/2"]
[WhiteElo "2505"]
[BlackElo "2328"]
[PlyCount "25"]
[EventDate "2023.11.22"]
[EventType "team-tourn"]
[EventRounds "11"]
[EventCountry "AUT"]
[SourceTitle "CB13_2024"]
[SourceDate "2024.03.27"]
[SourceVersion "1"]
[SourceVersionDate "2024.03.27"]
[SourceQuality "1"]
[WhiteTeam "St Veit"]
[BlackTeam "Goetzis"]
[WhiteTeamCountry "AUT"]
[BlackTeamCountry "AUT"]

1. d4 Nf6 2. c4 e6 3. Nf3 d5 4. g3 Bb4+ 5. Bd2 Be7 6. Bg2 0-0 7. 0-0 Nbd7 8. Qc2 c6 9. Bf4 Nh5 10. Bd2 Nhf6 11. Bf4 Nh5 12. Bd2 Nhf6 13. Bf4 1/2-1/2

[Event "Dublin Gonzaga Masters"]
[Site "Dublin"]
[Date "2024.01.28"]
[Round "5"]
[White "Fernandez, Daniel Howard"]
[Black "Saric, Ante"]
[Result "1/2-1/2"]
[WhiteElo "2525"]
[BlackElo "2508"]
[PlyCount "51"]
[EventDate "2024.01.26"]
[EventType "swiss"]
[EventRounds "5"]
[EventCountry "IRL"]
[SourceTitle "CB05_2024"]
[SourceDate "2024.01.31"]
[SourceVersion "1"]
[SourceVersionDate "2024.01.31"]
[SourceQuality "1"]

1. e4 c5 2. Nf3 e6 3. c3 d5 4. exd5 Qxd5 5. d4 Nf6 6. Na3 Nc6 7. Nc2 Be7 8. dxc5 Qxd1+ 9. Kxd1 Ng4 10. Ke2 Bxc5 11. Ne3 Nxe3 12. Bxe3 Bxe3 13. Kxe3 Ke7 14. Bb5 Bd7 15. Rad1 Rhd8 16. h4 Ne5 17. Nxe5 Bxb5 18. c4 Be8 19. Rxd8 Rxd8 20. f4 f6 21. Nf3 h6 22. Rc1 Rd6 23. g4 a5 24. Rc3 Rd1 25. Rb3 Bc6 26. Nd4 1/2-1/2

[Event "Bosnjaci op 28th"]
[Site "Bosnjaci"]
[Date "2024.01.05"]
[Round "4"]
[White "Sajin, Mirko"]
[Black "Saric, Ante"]
[Result "1/2-1/2"]
[WhiteElo "2299"]
[BlackElo "2508"]
[PlyCount "68"]
[EventDate "2024.01.03"]
[EventType "swiss"]
[EventRounds "9"]
[EventCountry "CRO"]
[SourceTitle "CB02_2024"]
[SourceDate "2024.01.10"]
[SourceVersion "1"]
[SourceVersionDate "2024.01.10"]
[SourceQuality "1"]

1. e4 c5 2. c3 d5 3. exd5 Qxd5 4. d4 e6 5. Nf3 Nf6 6. Bd3 Be7 7. 0-0 0-0 8. Be3 cxd4 9. cxd4 b6 10. Nc3 Qd8 11. Qe2 Bb7 12. Rad1 Nd5 13. Nxd5 Bxd5 14. b3 Nd7 15. Ne5 Nxe5 16. dxe5 Qc7 17. Bf4 a5 18. Be4 Bxe4 19. Qxe4 Rad8 20. Rc1 Bc5 21. Rfd1 Rxd1+ 22. Rxd1 Rd8 23. Rxd8+ Qxd8 24. g3 h6 25. Be3 Bxe3 26. Qxe3 Qd1+ 27. Kg2 Qd5+ 28. Kg1 b5 29. Qc3 b4 30. Qc8+ Kh7 31. Qc7 Qd1+ 32. Kg2 Qd5+ 33. Kg1 Qd1+ 34. Kg2 Qd5+ 1/2-1/2

[Event "EU-ch Blitz"]
[Site "Zagreb"]
[Date "2023.12.16"]
[Round "13"]
[White "Cvitan, Ognjen"]
[Black "Saric, Ante"]
[Result "1/2-1/2"]
[WhiteElo "2422"]
[BlackElo "2503"]
[PlyCount "23"]
[EventDate "2023.12.16"]
[EventType "swiss (blitz)"]
[EventRounds "13"]
[EventCountry "CRO"]
[SourceTitle "CB51_2023"]
[SourceDate "2023.12.20"]
[SourceVersion "1"]
[SourceVersionDate "2023.12.20"]
[SourceQuality "1"]

1. c4 e5 2. Nc3 Nf6 3. Nf3 Nc6 4. g3 d5 5. cxd5 Nxd5 6. Bg2 Nb6 7. 0-0 Be7 8. a3 0-0 9. b4 Be6 10. Rb1 f6 11. d3 Qd7 12. Ne4 1/2-1/2

[Event "EU-ch Blitz"]
[Site "Zagreb"]
[Date "2023.12.16"]
[Round "12"]
[White "Ohanyan, Emin"]
[Black "Saric, Ante"]
[Result "1/2-1/2"]
[WhiteElo "2456"]
[BlackElo "2503"]
[PlyCount "157"]
[EventDate "2023.12.16"]
[EventType "swiss (blitz)"]
[EventRounds "13"]
[EventCountry "CRO"]
[SourceTitle "CB51_2023"]
[SourceDate "2023.12.20"]
[SourceVersion "1"]
[SourceVersionDate "2023.12.20"]
[SourceQuality "1"]

1. d4 Nf6 2. c4 e6 3. Nf3 b6 4. g3 Bb7 5. Bg2 Bb4+ 6. Bd2 Be7 7. 0-0 c6 8. Nc3 d5 9. Ne5 dxc4 10. Bf4 Nd5 11. Nxc4 Nxf4 12. gxf4 Qc7 13. e3 Nd7 14. Rc1 Rc8 15. Kh1 0-0 16. Qf3 Ba6 17. b3 Nf6 18. Rfd1 Nd5 19. Ne5 Nxc3 20. Rxc3 c5 21. dxc5 Bf6 22. Rd7 Qb8 23. c6 Bxe5 24. fxe5 Qxe5 25. Rc2 Bb5 26. Qd1 g6 27. a4 Ba6 28. Rxa7 Qa5 29. Bf1 b5 30. Bxb5 Rfd8 31. Qf1 Bxb5 32. Rxa5 Bxf1 33. h4 Bh3 34. b4 Bf5 35. Rc3 Rxc6 36. Rxc6 Be4+ 37. Kh2 Bxc6 38. b5 Be4 39. Ra7 Rd2 40. Kg3 Ra2 41. b6 e5 42. a5 Ra1 43. a6 Kg7 44. f3 Bc6 45. b7 Rb1 46. e4 Kh6 47. Kf2 f5 48. Ke3 Rb3+ 49. Kd2 fxe4 50. fxe4 Bxe4 51. Ke2 Bf3+ 52. Kf2 Bd5 53. Ra8 Bxb7 54. axb7 Rxb7 55. Re8 Rb5 56. Re7 Rc5 57. Kf3 Rc3+ 58. Kg2 Rc4 59. Kg3 Re4 60. Kh3 Re1 61. Kg4 e4 62. Kf4 e3 63. Kf3 e2 64. Kg2 Kh5 65. Rxh7+ Kg4 66. Re7 Kxh4 67. Re4+ Kg5 68. Kf2 Kf5 69. Ra4 Rd1 70. Kxe2 Rd5 71. Kf3 Rd3+ 72. Kg2 g5 73. Rb4 Re3 74. Ra4 Re4 75. Rxe4 Kxe4 76. Kg3 Kf5 77. Kf3 g4+ 78. Kg3 Kg6 79. Kxg4 1/2-1/2

[Event "EU-ch Blitz"]
[Site "Zagreb"]
[Date "2023.12.16"]
[Round "11"]
[White "Saric, Ante"]
[Black "Gretarsson, Helgi Ass"]
[Result "1-0"]
[WhiteElo "2503"]
[BlackElo "2477"]
[PlyCount "143"]
[EventDate "2023.12.16"]
[EventType "swiss (blitz)"]
[EventRounds "13"]
[EventCountry "CRO"]
[SourceTitle "CB51_2023"]
[SourceDate "2023.12.20"]
[SourceVersion "1"]
[SourceVersionDate "2023.12.20"]
[SourceQuality "1"]

1. Nf3 g6 2. e4 Bg7 3. d4 d6 4. c4 Bg4 5. Be2 Nc6 6. Nbd2 e5 7. d5 Nce7 8. 0-0 Nf6 9. c5 0-0 10. cxd6 cxd6 11. Ne1 Bxe2 12. Qxe2 Nh5 13. Ndf3 h6 14. g3 Qe8 15. g4 Nf4 16. Bxf4 exf4 17. Rd1 f5 18. exf5 gxf5 19. Qe6+ Kh7 20. gxf5 Nxf5 21. Qxe8 Raxe8 22. Nd3 Ne7 23. Nde1 Rf5 24. Ng2 Nxd5 25. Rd2 Nb6 26. b3 d5 27. Rc1 Re7 28. Nge1 Bf6 29. Nd3 d4 30. Rc5 Rd5 31. Rc1 Bg5 32. h4 Bf6 33. Kg2 Rd8 34. Nxf4 Rf7 35. Nd3 Nd5 36. Re1 Be7 37. Nde5 Rg7+ 38. Kh2 Bd6 39. Rxd4 Nf6 40. Kh3 Bc7 41. Rxd8 Bxd8 42. Rd1 Bb6 43. Rd2 Nh5 44. Nd3 Rd7 45. Kg4 Rd5 46. Nf4 Nf6+ 47. Kh3 Rf5 48. Kg3 Ne4+ 49. Kg4 Rxf4+ 50. Kxf4 Nxd2 51. Nxd2 Bxf2 52. h5 Kg7 53. Kf5 Kf7 54. Ne4 Be3 55. Nd6+ Ke7 56. Nxb7 Bb6 57. b4 Bc7 58. Nc5 Bg3 59. Nd3 Bh4 60. Ne5 Bg5 61. Ng4 Kd6 62. Kg6 Kd5 63. Nxh6 Bc1 64. Nf7 Kc4 65. Ng5 Kxb4 66. h6 Ka3 67. h7 Bb2 68. Ne6 Bh8 69. Kf7 Kxa2 70. Kg8 Be5 71. Ng7 Kb3 72. h8Q 1-0

[Event "EU-ch Rapid"]
[Site "Zagreb"]
[Date "2023.12.15"]
[Round "10"]
[White "Bacrot, Etienne"]
[Black "Saric, Ante"]
[Result "1-0"]
[WhiteElo "2683"]
[BlackElo "2503"]
[PlyCount "43"]
[EventDate "2023.12.14"]
[EventType "swiss (rapid)"]
[EventRounds "11"]
[EventCountry "CRO"]
[SourceTitle "CB51_2023"]
[SourceDate "2023.12.20"]
[SourceVersion "1"]
[SourceVersionDate "2023.12.20"]
[SourceQuality "1"]

1. e4 c5 2. Nf3 e6 3. c3 Nf6 4. e5 Nd5 5. a3 d6 6. d4 cxd4 7. c4 Ne7 8. exd6 Nec6 9. c5 b6 10. Nxd4 Nxd4 11. Qxd4 Nc6 12. Qe4 Bd7 13. Nc3 bxc5 14. Nb5 f5 15. Qe3 Kf7 16. Qxc5 Rc8 17. Be3 Qf6 18. Qc3 Qxc3+ 19. Nxc3 Bxd6 20. Rd1 Ke7 21. Bg5+ Ke8 22. Rxd6 1-0

[Event "AUT-chT 2324"]
[Site "Austria"]
[Date "2023.11.22"]
[Round "1.5"]
[White "Ciolek, Andreas"]
[Black "Saric, Ante"]
[Result "1-0"]
[WhiteElo "2224"]
[BlackElo "2505"]
[PlyCount "85"]
[EventDate "2023.11.22"]
[EventType "team-tourn"]
[EventRounds "11"]
[EventCountry "AUT"]
[SourceTitle "CB48_2023"]
[SourceDate "2023.11.29"]
[SourceVersion "1"]
[SourceVersionDate "2023.11.29"]
[SourceQuality "1"]
[WhiteTeam "Schach ohne Grenzen"]
[BlackTeam "St Veit"]
[WhiteTeamCountry "AUT"]
[BlackTeamCountry "AUT"]

1. d4 Nf6 2. c4 e6 3. Nc3 d5 4. cxd5 exd5 5. Bg5 c6 6. e3 h6 7. Bh4 Be7 8. Bd3 0-0 9. Nge2 Ne8 10. Bxe7 Qxe7 11. 0-0 Nd6 12. Qc2 a5 13. Ng3 Na6 14. a3 Bd7 15. Rfe1 Nc7 16. f3 Ne6 17. Rad1 Rae8 18. Qd2 f5 19. Bb1 Qd8 20. Qc2 Ng5 21. Nh5 Nc4 22. Qf2 Re7 23. Ba2 Qe8 24. Nf4 Kh7 25. Re2 b5 26. Rde1 Bc8 27. Nd3 Ne4 28. fxe4 fxe4 29. Nf4 g5 30. Bb1 gxf4 31. exf4 Qh5 32. Nxe4 dxe4 33. Bxe4+ Kh8 34. d5 Rxe4 35. Rxe4 c5 36. Qxc5 Kg8 37. b3 Nd2 38. Re7 Qg6 39. Qe3 Nb1 40. Re8 Bf5 41. Rxf8+ Kxf8 42. Qe7+ Kg8 43. Qd8+ 1-0

[Event "BIH-chT 21st"]
[Site "Sarajevo"]
[Date "2023.11.03"]
[Round "4.2"]
[White "Saric, Ante"]
[Black "Burovic, Rijad"]
[Result "1/2-1/2"]
[WhiteElo "2505"]
[BlackElo "2430"]
[PlyCount "40"]
[EventDate "2023.10.31"]
[EventType "team-tourn"]
[EventRounds "9"]
[EventCountry "BIH"]
[SourceTitle "Mega2024 Update 01"]
[Source "Chessbase"]
[SourceDate "2023.11.12"]
[SourceVersion "1"]
[SourceVersionDate "2023.11.12"]
[SourceQuality "1"]
[WhiteTeam "Pazaric Bjelasnica"]
[BlackTeam "Sarajevo Napredak"]
[WhiteTeamCountry "BIH"]
[BlackTeamCountry "BIH"]

1. Nf3 Nf6 2. c4 g6 3. g3 Bg7 4. Bg2 0-0 5. 0-0 d6 6. d4 c5 7. Nc3 Nc6 8. dxc5 dxc5 9. Bf4 Nh5 10. Be3 b6 11. Qc2 Bb7 12. Rad1 Qc8 13. Rd2 Rd8 14. Rfd1 Rxd2 15. Qxd2 Qe8 16. Ne1 Nf6 17. b3 Rc8 18. Nd3 Rd8 19. Bh6 Bh8 20. h3 Rd7 1/2-1/2

[Event "BIH-chT 21st"]
[Site "Sarajevo"]
[Date "2023.10.31"]
[Round "1.2"]
[White "Sinanovic, Muhamed"]
[Black "Saric, Ante"]
[Result "1/2-1/2"]
[WhiteElo "2302"]
[BlackElo "2505"]
[PlyCount "85"]
[EventDate "2023.10.31"]
[EventType "team-tourn"]
[EventRounds "9"]
[EventCountry "BIH"]
[SourceTitle "Mega2024 Update 01"]
[Source "Chessbase"]
[SourceDate "2023.11.12"]
[SourceVersion "1"]
[SourceVersionDate "2023.11.12"]
[SourceQuality "1"]
[WhiteTeam "Busovaca Hrasno"]
[BlackTeam "Pazaric Bjelasnica"]
[WhiteTeamCountry "BIH"]
[BlackTeamCountry "BIH"]

1. c4 e6 2. Nf3 d5 3. e3 Nf6 4. d4 Be7 5. Nc3 0-0 6. Be2 dxc4 7. Bxc4 a6 8. 0-0 b5 9. Bd3 Bb7 10. a3 c5 11. dxc5 Bxc5 12. b4 Be7 13. Bb2 Nbd7 14. Qe2 Rc8 15. Rfd1 Qc7 16. Rac1 Qb8 17. Nb1 h6 18. Nbd2 Nb6 19. Bd4 Na4 20. Ne5 Rxc1 21. Rxc1 Rc8 22. Rc2 Bd6 23. f4 Rc7 24. Qd1 Qd8 25. Rxc7 Bxc7 26. Qc2 Bb6 27. Nb3 Bxd4 28. Nxd4 Nb6 29. Qc5 Ne4 30. Bxe4 Bxe4 31. h3 Nd5 32. Qa7 Nc7 33. Kh2 f6 34. Nec6 Qd6 35. Qb8+ Kh7 36. Qd8 Qxd8 37. Nxd8 e5 38. fxe5 fxe5 39. N4c6 Nd5 40. Nxe5 Nxe3 41. Ne6 Nc4 42. Nc5 Nxa3 43. Nxa6 1/2-1/2

[Event "CRO-chT1A 31st"]
[Site "Veli Losinj"]
[Date "2023.10.17"]
[Round "7.3"]
[White "Saric, Ante"]
[Black "Doric, Darko"]
[Result "1/2-1/2"]
[WhiteElo "2518"]
[BlackElo "2439"]
[PlyCount "51"]
[EventDate "2023.10.11"]
[EventType "team-tourn"]
[EventRounds "7"]
[EventCountry "CRO"]
[SourceTitle "Mega2024 Update 01"]
[Source "Chessbase"]
[SourceDate "2023.11.12"]
[SourceVersion "1"]
[SourceVersionDate "2023.11.12"]
[SourceQuality "1"]
[WhiteTeam "Split Mornar"]
[BlackTeam "Sveta Nedelja"]
[WhiteTeamCountry "CRO"]
[BlackTeamCountry "CRO"]

1. c4 e6 2. g3 d5 3. Bg2 dxc4 4. Qa4+ c6 5. Qxc4 b5 6. Qb3 Bb7 7. Nf3 Nd7 8. d4 Ngf6 9. 0-0 Be7 10. Nc3 a6 11. Ne5 Nxe5 12. dxe5 Nd5 13. Rd1 Qb8 14. Nxd5 cxd5 15. Bf4 0-0 16. Qe3 Rc8 17. Rac1 Rxc1 18. Rxc1 Qd8 19. Qd2 Rc8 20. Be3 Rc4 21. Rxc4 bxc4 22. Bd4 Bc6 23. e3 Qb8 24. Bf1 Qb4 25. Qxb4 Bxb4 26. f4 1/2-1/2

[Event "CRO-chT1A 31st"]
[Site "Veli Losinj"]
[Date "2023.10.16"]
[Round "6.3"]
[White "Rezan, Sasa"]
[Black "Saric, Ante"]
[Result "1/2-1/2"]
[WhiteElo "2409"]
[BlackElo "2518"]
[PlyCount "26"]
[EventDate "2023.10.11"]
[EventType "team-tourn"]
[EventRounds "7"]
[EventCountry "CRO"]
[SourceTitle "Mega2024 Update 01"]
[Source "Chessbase"]
[SourceDate "2023.11.12"]
[SourceVersion "1"]
[SourceVersionDate "2023.11.12"]
[SourceQuality "1"]
[WhiteTeam "Bibinje Goran"]
[BlackTeam "Split Mornar"]
[WhiteTeamCountry "CRO"]
[BlackTeamCountry "CRO"]

1. d4 Nf6 2. c4 e6 3. Nc3 d5 4. Nf3 c5 5. cxd5 Nxd5 6. e4 Nxc3 7. bxc3 cxd4 8. cxd4 Bb4+ 9. Bd2 Bxd2+ 10. Qxd2 0-0 11. Rd1 b6 12. Qe3 Bb7 13. Bd3 Nc6 1/2-1/2

[Event "CRO-chT1A 31st"]
[Site "Veli Losinj"]
[Date "2023.10.15"]
[Round "5.3"]
[White "Saric, Ante"]
[Black "Predojevic, Borki"]
[Result "1/2-1/2"]
[WhiteElo "2518"]
[BlackElo "2580"]
[PlyCount "52"]
[EventDate "2023.10.11"]
[EventType "team-tourn"]
[EventRounds "7"]
[EventCountry "CRO"]
[SourceTitle "Mega2024 Update 01"]
[Source "Chessbase"]
[SourceDate "2023.11.12"]
[SourceVersion "1"]
[SourceVersionDate "2023.11.12"]
[SourceQuality "1"]
[WhiteTeam "Split Mornar"]
[BlackTeam "Solin Cemex"]
[WhiteTeamCountry "CRO"]
[BlackTeamCountry "CRO"]

1. d4 Nf6 2. c4 e6 3. Nf3 d5 4. Nc3 Be7 5. Bf4 0-0 6. e3 b6 7. cxd5 Nxd5 8. Nxd5 Qxd5 9. Be2 Qa5+ 10. Nd2 Ba6 11. 0-0 c5 12. Nc4 Bxc4 13. Bxc4 cxd4 14. exd4 Nc6 15. d5 exd5 16. Qxd5 Qxd5 17. Bxd5 Rac8 18. Rfd1 Nb4 19. Bb3 Rfd8 20. Be5 Nc6 21. Bc3 Bb4 22. Rxd8+ Rxd8 23. Bxb4 Nxb4 24. Rc1 Na6 25. Kf1 Nc5 26. Bc4 Kf8 1/2-1/2

[Event "CRO-chT1A 31st"]
[Site "Veli Losinj"]
[Date "2023.10.12"]
[Round "2.3"]
[White "Bosiocic, Marin"]
[Black "Saric, Ante"]
[Result "1-0"]
[WhiteElo "2534"]
[BlackElo "2518"]
[PlyCount "83"]
[EventDate "2023.10.11"]
[EventType "team-tourn"]
[EventRounds "7"]
[EventCountry "CRO"]
[SourceTitle "Mega2024 Update 01"]
[Source "Chessbase"]
[SourceDate "2023.11.12"]
[SourceVersion "1"]
[SourceVersionDate "2023.11.12"]
[SourceQuality "1"]
[WhiteTeam "Sesvete Agroproteinka"]
[BlackTeam "Split Mornar"]
[WhiteTeamCountry "CRO"]
[BlackTeamCountry "CRO"]

1. d4 d5 2. c4 c6 3. Nf3 Nf6 4. g3 g6 5. Bg2 Bg7 6. 0-0 0-0 7. Nc3 dxc4 8. e4 Bg4 9. e5 Nd5 10. Qe2 Na6 11. h3 Bf5 12. Qxc4 Ndb4 13. Rd1 Nc2 14. d5 cxd5 15. Nxd5 Nxa1 16. Qh4 f6 17. Nxf6+ exf6 18. Rxd8 Raxd8 19. exf6 Bxf6 20. Bg5 Rd1+ 21. Kh2 Rd6 22. Bxf6 Rdxf6 23. Ng5 h5 24. g4 Bd3 25. Qg3 Bc4 26. Qc3 Bxa2 27. gxh5 gxh5 28. Qd3 Rh6 29. Bd5+ Bxd5 30. Qxd5+ Kh8 31. Nf7+ Rxf7 32. Qxf7 Rb6 33. f4 Nb3 34. f5 Nbc5 35. b4 Ne4 36. Qe8+ Kg7 37. Qe7+ Kh6 38. Qxe4 Nxb4 39. Qe3+ Kh7 40. Qe7+ Kh6 41. f6 Kg6 42. Qg7+ 1-0

[Event "CRO-chT1A 31st"]
[Site "Veli Losinj"]
[Date "2023.10.11"]
[Round "1.3"]
[White "Saric, Ante"]
[Black "Lalic, Bogdan"]
[Result "1/2-1/2"]
[WhiteElo "2518"]
[BlackElo "2345"]
[PlyCount "31"]
[EventDate "2023.10.11"]
[EventType "team-tourn"]
[EventRounds "7"]
[EventCountry "CRO"]
[SourceTitle "Mega2024 Update 01"]
[Source "Chessbase"]
[SourceDate "2023.11.12"]
[SourceVersion "1"]
[SourceVersionDate "2023.11.12"]
[SourceQuality "1"]
[WhiteTeam "Split Mornar"]
[BlackTeam "Kastel Novi"]
[WhiteTeamCountry "CRO"]
[BlackTeamCountry "CRO"]

1. d4 Nf6 2. Nf3 g6 3. c4 Bg7 4. e3 c5 5. dxc5 Na6 6. Nc3 Nxc5 7. Be2 0-0 8. 0-0 b6 9. Nd4 Bb7 10. b4 Nce4 11. Nxe4 Nxe4 12. Bb2 d5 13. Rc1 Rc8 14. Rc2 e5 15. Nf3 dxc4 16. Rxc4 1/2-1/2

[Event "Lignano Bella Italia op 2nd"]
[Site "Lignano Sabbiadoro"]
[Date "2023.08.22"]
[Round "8"]
[White "Martinovici, Ilie"]
[Black "Saric, Ante"]
[Result "1/2-1/2"]
[WhiteElo "2441"]
[BlackElo "2519"]
[PlyCount "297"]
[EventDate "2023.08.17"]
[EventType "swiss"]
[EventRounds "9"]
[EventCountry "ITA"]
[SourceTitle "EXT 2024"]
[Source "ChessBase"]
[SourceDate "2023.10.10"]
[SourceVersion "1"]
[SourceVersionDate "2023.10.10"]
[SourceQuality "1"]

1. d4 d5 2. c4 c6 3. Nf3 Nf6 4. Qb3 dxc4 5. Qxc4 Bg4 6. Nc3 Nbd7 7. e4 e5 8. Be3 Qa5 9. Nxe5 Nxe5 10. dxe5 Be6 11. Qd4 Ng4 12. Be2 Nxe3 13. Qxe3 Qxe5 14. f4 Bc5 15. Qg3 Qd4 16. Rd1 Qe3 17. f5 Qxg3+ 18. hxg3 Bd7 19. g4 0-0-0 20. Bc4 f6 21. Ke2 Kc7 22. Kf3 Bd6 23. Ne2 b5 24. Bf7 Be5 25. b4 h6 26. g3 Bc8 27. Nf4 Rxd1 28. Rxd1 Rd8 29. Rc1 Rd2 30. Ke3 Rd6 31. Rc2 Kb6 32. Ne6 Bxg3 33. Nxg7 Be5 34. Ne6 a5 35. a3 Rd1 36. Be8 Bb7 37. Nc5 axb4 38. axb4 Bd4+ 39. Ke2 Rg1 40. Kf3 Rf1+ 41. Kg2 Rg1+ 42. Kh2 Rxg4 43. Nxb7 Kxb7 44. Bxc6+ Kb6 45. Bd5 Be5+ 46. Kh3 Rg3+ 47. Kh4 Rc3 48. Rg2 Rc1 49. Kh5 Rh1+ 50. Kg6 h5 51. Rc2 h4 52. Rc6+ Ka7 53. Rxf6 Rg1+ 54. Kf7 h3 55. Rh6 h2 56. Ke6 Bf4 57. Rh7+ Kb6 58. e5 Re1 59. Bf3 Rxe5+ 60. Kf6 Re3 61. Bd5 Re5 62. Bf3 Re1 63. Kg6 Rg1+ 64. Kf7 Rf1 65. Bg2 Ra1 66. Rh4 Bd6 67. Ke6 Bg3 68. Rh3 Re1+ 69. Kd7 Rd1+ 70. Ke6 Rd6+ 71. Ke7 Rd3 72. Rh6+ Ka7 73. f6 Bd6+ 74. Ke6 Rd2 75. f7 Bxb4 76. Rxh2 Kb6 77. Rh4 Re2+ 78. Be4 Bc5 79. Kd5 Rd2+ 80. Ke5 b4 81. Rh8 Rf2 82. Bf5 Re2+ 83. Kd5 Rd2+ 84. Kc4 Rd4+ 85. Kb3 Rf4 86. Rb8+ Ka7 87. f8Q Bxf8 88. Rxf8 Kb6 89. Rb8+ Kc5 90. Rc8+ Kd6 91. Bd3 Kd7 92. Rc1 Kd6 93. Bb5 Rh4 94. Rc6+ Kd5 95. Rc8 Kd6 96. Bc4 Kd7 97. Rg8 Kd6 98. Rg1 Ke5 99. Kxb4 Rh5 100. Re1+ Kd4 101. Rd1+ Ke4 102. Bf7 Rh8 103. Bd5+ Ke5 104. Kc5 Rc8+ 105. Bc6 Kf4 106. Re1 Kf5 107. Kd6 Rd8+ 108. Bd7+ Kf4 109. Re7 Rf8 110. Kd5 Rd8 111. Kd4 Rf8 112. Bc6 Kg5 113. Be4 Kf6 114. Ra7 Rd8+ 115. Bd5 Rf8 116. Ke4 Re8+ 117. Kf4 Re1 118. Ra6+ Ke7 119. Be4 Kd7 120. Ke5 Kc7 121. Ra7+ Kb6 122. Rb7+ Kc5 123. Rc7+ Kb6 124. Rc3 Kb5 125. Kd4 Rd1+ 126. Bd3+ Kb6 127. Kd5 Rd2 128. Kd6 Rb2 129. Rc6+ Kb7 130. Rc1 Rb6+ 131. Kd7 Rb4 132. Bc4 Kb6 133. Kd6 Rb2 134. Ra1 Rb4 135. Bd5 Kb5 136. Ra8 Rh4 137. Rb8+ Ka4 138. Kc5 Ka3 139. Rb3+ Ka4 140. Rb2 Ka5 141. Rb1 Rg4 142. Rb8 Rg6 143. Rb2 Rg4 144. Rb6 Rg5 145. Rb5+ Ka4 146. Rb2 Rg3 147. Rh2 Re3 148. Kc4 Ka5 149. Kc5 1/2-1/2

[Event "Bundesliga 2223"]
[Site "Germany"]
[Date "2023.04.29"]
[Round "14.7"]
[White "Saric, Ante"]
[Black "Geirnaert, Steven"]
[Result "1/2-1/2"]
[WhiteElo "2510"]
[BlackElo "2399"]
[PlyCount "145"]
[EventDate "2022.10.21"]
[EventType "team-tourn"]
[EventRounds "15"]
[EventCountry "GER"]
[SourceTitle "CBM 213 Extra"]
[Source "ChessBase"]
[SourceDate "2023.05.31"]
[SourceVersion "1"]
[SourceVersionDate "2023.05.31"]
[SourceQuality "1"]
[WhiteTeam "Schoenaich"]
[BlackTeam "Remagen Sinzig"]
[WhiteTeamCountry "GER"]
[BlackTeamCountry "GER"]

1. d4 Nf6 2. c4 e6 3. g3 d5 4. Bg2 Be7 5. Nf3 0-0 6. 0-0 dxc4 7. Qa4 a6 8. Qxc4 b5 9. Qc2 Bb7 10. Bg5 Nbd7 11. Bxf6 Nxf6 12. Nbd2 Rc8 13. Nb3 Be4 14. Qc3 c5 15. dxc5 Bd5 16. Rfd1 Ne4 17. Qe1 Bxc5 18. Nxc5 Rxc5 19. Ne5 Qc7 20. Nd3 Rc2 21. Rac1 Nf6 22. Nb4 Rxc1 23. Rxc1 Qe5 24. Nxd5 exd5 25. Qd2 h5 26. e3 Re8 27. b4 h4 28. Rd1 Rc8 29. gxh4 Rc4 30. h3 Rxh4 31. f4 Qe6 32. Qd4 Rxh3 33. Bxh3 Qxh3 34. Rd2 Ng4 35. Rg2 g6 36. Qa7 Qh4 37. Re2 Qg3+ 38. Kf1 Nh2+ 39. Rxh2 Qxh2 40. Qxa6 d4 41. Qc8+ Kg7 42. Qd7 Qh1+ 43. Ke2 Qg2+ 44. Kd3 Qf1+ 45. Ke4 Qh1+ 46. Kd3 Qb1+ 47. Ke2 Qxa2+ 48. Kf3 dxe3 49. Qd4+ Kg8 50. Kxe3 Qe6+ 51. Kf3 Qh3+ 52. Kf2 Qb3 53. Qd8+ Kh7 54. Qd4 Qc2+ 55. Ke3 g5 56. Qc5 gxf4+ 57. Kxf4 Qd2+ 58. Kf3 Qd3+ 59. Kf4 Qf1+ 60. Kg4 Qg2+ 61. Kf4 Qd2+ 62. Kf3 Qd3+ 63. Kf4 Kg7 64. Qg5+ Kf8 65. Qc5+ Ke8 66. Ke5 Qe2+ 67. Kd6 f6 68. Kc6 Qc4 69. Kb6 Kd7 70. Qxb5+ Qxb5+ 71. Kxb5 f5 72. Kc4 Kc6 73. Kd4 1/2-1/2

[Event "PRO League Prelim"]
[Site "Chess.com INT"]
[Date "2023.03.09"]
[Round "4.2"]
[White "Wei, Yi"]
[Black "Saric, Ante"]
[Result "1-0"]
[WhiteElo "2722"]
[BlackElo "2510"]
[PlyCount "53"]
[EventDate "2023.02.14"]
[EventType "team-swiss (rapid)"]
[EventRounds "5"]
[EventCountry "USA"]
[SourceTitle "CBM 213 Extra"]
[Source "ChessBase"]
[SourceDate "2023.05.31"]
[SourceVersion "1"]
[SourceVersionDate "2023.05.31"]
[SourceQuality "1"]
[WhiteTeam "Shanghai Tigers"]
[BlackTeam "Croatia Bulldogs"]
[WhiteTeamCountry "CHN"]
[BlackTeamCountry "CRO"]

1. d4 d5 2. c4 c6 3. Nf3 Nf6 4. Nc3 g6 5. e3 Bg7 6. Be2 0-0 7. 0-0 Bg4 8. cxd5 cxd5 9. Qb3 Bc8 10. Ne5 e6 11. Bd2 Nfd7 12. f4 Nc6 13. Rac1 Qb6 14. Qxb6 Nxb6 15. Nb5 Bd7 16. Nd6 Nxe5 17. fxe5 Bc6 18. Bb4 Nc8 19. Nxb7 Bxb7 20. Rc7 Rb8 21. Bxf8 Bxf8 22. Rfxf7 Bc6 23. Bg4 Bh6 24. Bxe6 Bxe3+ 25. Kh1 Ne7 26. Rfxe7+ Kf8 27. Rxh7 1-0

[Event "Bundesliga 2223"]
[Site "Germany"]
[Date "2023.02.05"]
[Round "6.2"]
[White "Saric, Ante"]
[Black "Krasenkow, Michal"]
[Result "1/2-1/2"]
[WhiteElo "2510"]
[BlackElo "2550"]
[PlyCount "93"]
[EventDate "2022.10.21"]
[EventType "team-tourn"]
[EventRounds "15"]
[EventCountry "GER"]
[SourceTitle "CBM 212 Extra"]
[Source "ChessBase"]
[SourceDate "2023.03.31"]
[SourceVersion "1"]
[SourceVersionDate "2023.03.31"]
[SourceQuality "1"]
[WhiteTeam "Schoenaich"]
[BlackTeam "Deizisau"]
[WhiteTeamCountry "GER"]
[BlackTeamCountry "GER"]

1. d4 Nf6 2. Nf3 g6 3. c4 Bg7 4. g3 d5 5. Bg2 dxc4 6. Na3 c3 7. bxc3 c5 8. 0-0 0-0 9. Bb2 Nc6 10. Re1 Nd5 11. e4 Nb6 12. Rb1 Bg4 13. d5 Ne5 14. c4 f5 15. exf5 Rxf5 16. Bxe5 Bxe5 17. Qb3 Bg7 18. Nh4 Rf7 19. f4 Qd7 20. Nf3 Bxf3 21. Bxf3 g5 22. Qd1 Bd4+ 23. Kh1 Rg7 24. Bg4 Qd8 25. Be6+ Kh8 26. f5 g4 27. Re4 h5 28. Rxd4 cxd4 29. Qxd4 Nd7 30. Rxb7 Qa5 31. Nc2 Qxa2 32. Ne3 Nf6 33. d6 Rd8 34. c5 Qf2 35. Rb2 Qe1+ 36. Kg2 h4 37. gxh4 Qxh4 38. Nf1 exd6 39. cxd6 Kh7 40. Ra2 Rb8 41. Rxa7 Qh3+ 42. Kg1 Rb1 43. Rxg7+ Kxg7 44. Bc4 g3 45. Qa7+ Kh8 46. Qa8+ Kg7 47. Qa7+ 1/2-1/2